|
|
|
|
| LEADER |
00000nam0a2200000 4500 |
| 001 |
360935 |
| 005 |
20231102011334.0 |
| 035 |
|
|
|a (RuTPU)RU\TPU\retro\18261
|
| 090 |
|
|
|a 360935
|
| 100 |
|
|
|a 20210519d1980 km y0rusy50 ca
|
| 101 |
0 |
|
|a rus
|
| 102 |
|
|
|a RU
|
| 105 |
|
|
|a a z 001zy
|
| 200 |
1 |
|
|a Модели планирования капитальных вложений в энергетике
|f А. И. Кузовкин, В. Н. Панфилов
|g под ред. П. П. Фалалеева
|
| 210 |
|
|
|a Москва
|c Энергия
|d 1980
|
| 215 |
|
|
|a 137 с.
|c ил.
|
| 320 |
|
|
|a Библиогр.: с. 135-136
|
| 606 |
1 |
|
|a Электроэнергетические предприятия
|x Экономика
|2 stltpush
|3 (RuTPU)RU\TPU\subj\21041
|9 46090
|
| 610 |
1 |
|
|a планирование
|
| 610 |
1 |
|
|a капитальные вложения
|
| 610 |
1 |
|
|a моделирование
|
| 610 |
1 |
|
|a оптимизационные модели
|
| 610 |
1 |
|
|a применение
|
| 610 |
1 |
|
|a статистические модели
|
| 675 |
|
|
|a 621.31:658
|v 4
|
| 700 |
|
1 |
|a Кузовкин
|b А. И.
|g Анатолий Ильич
|
| 701 |
|
1 |
|a Панфилов
|b В. Н.
|g Виктор Николаевич
|
| 702 |
|
1 |
|a Фалалеев
|b П. П.
|4 340
|
| 801 |
|
1 |
|a RU
|b 63413507
|c 20210519
|
| 942 |
|
|
|c BK
|